<?xml version="1.0" encoding="UTF-8"?>
<collection xmlns="http://www.loc.gov/MARC21/slim">
<record>
  <controlfield tag="001">305653</controlfield>
  <controlfield tag="005">20240928181330.0</controlfield>
  <datafield tag="035" ind1=" " ind2=" ">
    <subfield code="a">G:(GEPRIS)5357103</subfield>
  </datafield>
  <datafield tag="024" ind1="7" ind2=" ">
    <subfield code="a">G:(GEPRIS)5357103</subfield>
    <subfield code="d">5357103</subfield>
  </datafield>
  <datafield tag="040" ind1=" " ind2=" ">
    <subfield code="a">GEPRIS</subfield>
    <subfield code="c">http://gepris.its.kfa-juelich.de</subfield>
  </datafield>
  <datafield tag="150" ind1=" " ind2=" ">
    <subfield code="a">Zugstrategien beim Steinschmätzer (Oenanthe oenanthe)</subfield>
    <subfield code="y">2001 - 2012</subfield>
  </datafield>
  <datafield tag="371" ind1=" " ind2=" ">
    <subfield code="a">Professor Dr. Franz Bairlein</subfield>
  </datafield>
  <datafield tag="450" ind1=" " ind2=" ">
    <subfield code="a">DFG project G:(GEPRIS)5357103</subfield>
    <subfield code="w">d</subfield>
    <subfield code="y">2001 - 2012</subfield>
  </datafield>
  <datafield tag="510" ind1="1" ind2=" ">
    <subfield code="a">Deutsche Forschungsgemeinschaft</subfield>
    <subfield code="0">I:(DE-588b)2007744-0</subfield>
    <subfield code="b">DFG</subfield>
  </datafield>
  <datafield tag="680" ind1=" " ind2=" ">
    <subfield code="a">Während grundsätzlich endogene Faktoren in der Kontrolle des Zugverhaltens von Vogelarten vielfach untersucht sind, ist über die Rolle exogener Faktoren und über Zugstrategien, d.h. die Entscheidungen und Ursachen, nach denen Vögel ihre Züge organisieren, nur recht wenig bekannt. Am Beispiel des Steinschmätzers (Oenanthe oenanthe) wollen wir bisher nahezu ausschließlich theoretisch abgeleitete Hypothesen zu "optimal migration" prüfen. Steinschmätzer bieten sich dafür besonders gut an, da sie eines der auffälligsten Zugsysteme aufweisen und als Offenlandvögel vergleichsweise leicht im Feld zu untersuchen sind. Durch vergleichende Arbeiten an verschiedenen Standorten wollen wir prüfen, unter welchen Bedingungen Vögel ihren Zug zeitminimiert (d.h. mit maximaler Zuggeschwindigkeit) oder energieminimiert (d.h. mit minimalem Kostenaufwand für den Transport) organisieren und welche Rolle dabei Umweltfaktoren in den Rastgebieten spielen. Das projektierte Vorhaben ist dabei eingenischt in das jüngst von der European Science Foundation bewilligte Scientific Programme "Optimality in Bird Migration". (p)</subfield>
  </datafield>
  <datafield tag="909" ind1="C" ind2="O">
    <subfield code="o">oai:juser.fz-juelich.de:972528</subfield>
    <subfield code="p">authority:GRANT</subfield>
    <subfield code="p">authority</subfield>
  </datafield>
  <datafield tag="980" ind1=" " ind2=" ">
    <subfield code="a">G</subfield>
  </datafield>
  <datafield tag="980" ind1=" " ind2=" ">
    <subfield code="a">AUTHORITY</subfield>
  </datafield>
  <datafield tag="909" ind1="C" ind2="O">
    <subfield code="o">oai:juser.fz-juelich.de:972528</subfield>
  </datafield>
</record>
</collection>